00328nam a2200121Ia 4500008004100000041000800041082001300049245006800062260003600130300001200166365000700178650002100185210719s1975 xx 000 0 und d aeng a973 ISSU aIssues and themes: essays in American history and civilization. aBombay.bAmerican Libraryc1975 a287bPB cRs aAmerican History